Mecánica de fluidos aplicada / Robert L. Mott (Registro nro. 16880)
[ vista simple ]
| 000 -LÍDER | |
|---|---|
| fixed length control field | 00606nam a2200181 4500 |
| 008 - ELEMENTOS DE LONGITUD FIJA -- INFORMACIÓN GENERAL | |
| fixed length control field | 0 1996 0ant 000 0MEX |
| 020 ## - NÚMERO INTERNACIONAL NORMALIZADO PARA LIBROS | |
| ISBN | 968-880-542-4 |
| 050 ## - SIGNATURA TOPOGRAFICA DE LA BIBLIOTECA DEL CONGRESO (LC) | |
| Número de Clasificación | TA357 M6718 1996 |
| 082 ## - NUMERO DE CLASIFICACION DECIMAL DEWEY | |
| Número de Clasificación | 620.106 M454m |
| 100 ## - ASIENTO PRINCIPAL--NOMBRE PERSONAL | |
| Nombre personal | Mott, Robert L. |
| 245 ## - TÍTULO | |
| Título | Mecánica de fluidos aplicada / Robert L. Mott |
| 250 ## - MENCIÓN DE EDICIÓN | |
| Mención de edición | 4a |
| 260 ## - PUBLICACIÓN, DISTRIBUCIÓN, ETC. (PIE DE IMPRENTA) | |
| Lugar de publicación, distribución, etc. | México : Prentice Hall |
| 300 ## - DESCRIPCIÓN FÍSICA | |
| Extensión | xvii, 583 p. / 25 cm. |
| 500 ## - NOTA GENERAL | |
| Nota general | Incluye ap‚ndice. |
| 650 ## - ASIENTO SECUNDARIO DE MATERIA - TERMINO TEMÁTICO | |
| Término temático o nombre geográfico como elemento de entrada | 1.MECANICA DE FLUIDOS |
| 700 ## - ASIENTO SECUNDARIO - NOMBRE PERSONAL | |
| Nombre personal | I. Cordero Pedraza, Carlos Roberto, Tr. \ II. Flores Samaniego, A. Homero, Tr. \ III. Chacón Paz, Miguel, Rev. Tec. |
| No. biblioteca | No. biblioteca | Número de clasificación | Código de barras/Número de adquisición | Número de copia | Tipo de material |
|---|---|---|---|---|---|
| LUIS G. INCLAN | LUIS G. INCLAN | 620.106 M454m | 31022 | 4 | Libros |
| LUIS G. INCLAN | LUIS G. INCLAN | 620.106 M454m | 31023 | 5 | Libros |
| LUIS G. INCLAN | LUIS G. INCLAN | 620.106 M454m | 31024 | 6 | Libros |
| LUIS G. INCLAN | LUIS G. INCLAN | 620.106 M454m | 31025 | 7 | Libros |
| LUIS G. INCLAN | LUIS G. INCLAN | 620.106 M454m | 31026 | 8 | Libros |
| LUIS G. INCLAN | LUIS G. INCLAN | 620.106 M454m | 33012 | 9 | Libros |
| LUIS G. INCLAN | LUIS G. INCLAN | 620.106 M454m | 33013 | 10 | Libros |
| LUIS G. INCLAN | LUIS G. INCLAN | 620.106 M454m | 33679 | 11 | Libros |
| LUIS G. INCLAN | LUIS G. INCLAN | 620.106 M454m | 33680 | 12 | Libros |
| LUIS G. INCLAN | LUIS G. INCLAN | 620.106 M454m | 34247 | 13 | Libros |
| LUIS G. INCLAN | LUIS G. INCLAN | 620.106 M454m | 34248 | 14 | Libros |
| LUIS G. INCLAN | LUIS G. INCLAN | 620.106 M454m | 34249 | 15 | Libros |
| LUIS G. INCLAN | LUIS G. INCLAN | 620.106 M454m | 34592 | 16 | Libros |
| LUIS G. INCLAN | LUIS G. INCLAN | 620.106 M454m | 34593 | 17 | Libros |
| LUIS G. INCLAN | LUIS G. INCLAN | 620.106 M454m | 43186 | 18 | Libros |
| LUIS G. INCLAN | LUIS G. INCLAN | 620.106 M454m | 44230 | 19 | Libros |
| LUIS G. INCLAN | LUIS G. INCLAN | 620.106 M454m | 1264 | 1 | Libros |
| LUIS G. INCLAN | LUIS G. INCLAN | 620.106 M454m | 28755 | 2 | Libros |
| LUIS G. INCLAN | LUIS G. INCLAN | 620.106 M454m | 28756 | 3 | Libros |
| LUIS G. INCLAN | LUIS G. INCLAN | 620.106 M454m | 28861 | 4 | Libros |
| LUIS G. INCLAN | LUIS G. INCLAN | 620.106 M454m | 28661 | 5 | Libros |
